Si david at ang higante ; (Record no. 21837)

000 -LEADER
fixed length control field 00437nam a22001337a 4500
003 - CONTROL NUMBER IDENTIFIER
control field OSt
005 - DATE AND TIME OF LATEST TRANSACTION
control field 20260123095524.0
008 - FIXED-LENGTH DATA ELEMENTS--GENERAL INFORMATION
fixed length control field 260123b xxua|||| |||| 00| 0 eng d
040 ## - CATALOGING SOURCE
Transcribing agency CSU
245 ## - TITLE STATEMENT
Title Si david at ang higante ;
Remainder of title david and the giant /
260 ## - PUBLICATION, DISTRIBUTION, ETC. (IMPRINT)
Place of publication, distribution, etc Bookware Publishing Corporation ;
Name of publisher, distributor, etc [name of publisher not identified],
Date of publication, distribution, etc [date of publication not identified].
300 ## - PHYSICAL DESCRIPTION
Extent 32 pages :
Other physical details color illustrations.
942 ## - ADDED ENTRY ELEMENTS (KOHA)
Source of classification or shelving scheme
Koha item type Books
Holdings
Price effective from Permanent Location Date last seen Not for loan Date acquired Source of classification or shelving scheme Koha item type Lost status Withdrawn status Copy number Source of acquisition Collection code Damaged status Barcode Shelving location Current Location Full call number
2026-01-22Cagayan State University - Carig Library2026-01-23 2026-01-23 Books  1DonationsChildren Section C000689Children SectionCagayan State University - Carig LibraryCS 689 S5629
2026-01-20Cagayan State University - Carig Library2026-01-26 2026-01-26 Books  2DonationChildren Section COO1017Children SectionCagayan State University - Carig LibraryCS C1017 S5629 2023

Cagayan State University University Library, Carig Campus
Tuguegarao City, Cagayan 3500 | www.csucarig.edu.ph

Powered by Koha